Wie weit ist es? - Deutschland - Statistiken

Allgemein
  • Dieses Quiz wurde 98 mal gespielt
  • Das Durchschnittsergebnis liegt bei 14 aus 20
Antwortstatistiken
Stadt Entfernung Stadt % Korrekt
Hamburg 133 km Hannover
95%
Leipzig 341 km Dortmund
94%
München 360 km Dresden
92%
Berlin 478 km Köln
89%
Berlin 150 km Leipzig
88%
Berlin 250 km Hannover
88%
Bremen 100 km Hannover
87%
Köln 34 km Düsseldorf
87%
Berlin 165 km Dresden
86%
Dortmund 196 km Bremen
86%
Köln 58 km Essen
86%
Köln 73 km Dortmund
86%
Köln 380 km Leipzig
85%
Frankfurt 178 km Dortmund
84%
Leipzig 101 km Dresden
82%
Stuttgart 336 km Essen
82%
Düsseldorf 31 km Essen
81%
München 190 km Stuttgart
80%
Düsseldorf 240 km Hannover
80%
Berlin 256 km Hamburg
80%
Bremen 405 km Dresden
80%
Stuttgart 157 km Nürnberg
79%
Köln 249 km Hannover
79%
Hamburg 612 km München
79%
Dortmund 32 km Essen
78%
München 361 km Leipzig
78%
Hamburg 284 km Dortmund
77%
Düsseldorf 363 km Nürnberg
77%
Düsseldorf 58 km Dortmund
77%
Frankfurt 190 km Essen
76%
Essen 470 km Dresden
76%
München 489 km Hannover
76%
Frankfurt 183 km Düsseldorf
75%
Hamburg 95 km Bremen
75%
Frankfurt 187 km Nürnberg
74%
München 307 km Frankfurt
73%
Leipzig 372 km Essen
73%
München 151 km Nürnberg
72%
Leipzig 310 km Bremen
72%
Dortmund 343 km Nürnberg
72%
Essen 364 km Nürnberg
72%
Leipzig 229 km Nürnberg
71%
Köln 269 km Bremen
71%
Frankfurt 293 km Leipzig
71%
Berlin 315 km Bremen
71%
Düsseldorf 322 km Stuttgart
70%
Köln 336 km Nürnberg
70%
Berlin 378 km Nürnberg
70%
Berlin 424 km Frankfurt
70%
Dortmund 439 km Dresden
70%
Berlin 512 km Stuttgart
70%
Köln 288 km Stuttgart
69%
Stuttgart 365 km Leipzig
69%
Hamburg 377 km Dresden
69%
München 493 km Essen
69%
München 456 km Köln
67%
Hamburg 534 km Stuttgart
67%
Bremen 218 km Essen
65%
Hamburg 391 km Frankfurt
65%
Köln 474 km Dresden
65%
Düsseldorf 486 km Dresden
65%
Stuttgart 413 km Dresden
64%
Berlin 454 km Essen
64%
Hamburg 308 km Essen
63%
Hamburg 357 km Köln
63%
Stuttgart 478 km Bremen
63%
Nürnberg 338 km Hannover
62%
Frankfurt 153 km Stuttgart
61%
Berlin 422 km Dortmund
61%
München 487 km Düsseldorf
61%
Frankfurt 330 km Bremen
60%
Düsseldorf 389 km Leipzig
60%
Dresden 259 km Nürnberg
59%
Dresden 312 km Hannover
59%
München 583 km Bremen
59%
Köln 150 km Frankfurt
58%
Leipzig 214 km Hannover
58%
München 477 km Dortmund
58%
Essen 213 km Hannover
57%
Berlin 505 km München
57%
Düsseldorf 248 km Bremen
56%
Frankfurt 372 km Dresden
56%
Hamburg 462 km Nürnberg
55%
Dortmund 182 km Hannover
54%
Stuttgart 328 km Dortmund
54%
Hamburg 294 km Leipzig
53%
Bremen 432 km Nürnberg
52%
Stuttgart 401 km Hannover
50%
Berlin 478 km Düsseldorf
50%
Frankfurt 262 km Hannover
44%
Hamburg 339 km Düsseldorf
39%
Keine übereinstimmenden Quizze gefunden
Verteilung der Resultate
Anzahl Personen mit jedem Resultat
Perzentil nach korrekt beantworteten Fragen
Ihre Resultats-Entwicklung
Sie haben dieses Quiz noch nicht gespielt